| 000 | 00474nam a2200181Ia 4500 | ||
|---|---|---|---|
| 005 | 20240823040954.0 | ||
| 008 | 240823s9999||||xx |||||||||||||| ||und|| | ||
| 020 | _a978-81-9084-060-6 | ||
| 041 | _aENGLISH | ||
| 082 | _A620.11 Q0 | ||
| 100 | _alekshmana Rao C and abhijit P Deshpande | ||
| 245 | 0 | _aModelling of Engineering Materials | |
| 260 |
_c2010 _bAne Books Pv |
||
| 500 | _aYES | ||
| 650 |
_aEngineering Materials _bMechanical |
||
| 942 | _cBK | ||
| 999 |
_c204387 _d204387 |
||